| 000 | 01021nmc a2200337 a 4500 | ||
|---|---|---|---|
| 003 | AR-BaBNM | ||
| 005 | 20251128204422.0 | ||
| 008 | 087019s1986 ||||||||||||||000 | spa|| | ||
| 040 | _cAR-BaBNM | ||
| 100 | 1 | _aRodríguez Dieguez, José Luis | |
| 245 | 1 | 0 | _aLos objetivos educativos |
| 250 | _a2ª ed. | ||
| 260 |
_aBuenos Aires _bDocencia _c1986 |
||
| 300 | 0 |
_a119 p. _btablas, diagr. |
|
| 490 | 0 |
_aCongreso pedagógico. Compromiso y creatividad _vv. 47 |
|
| 500 | 0 | _aContiene referencias bibliográficas en notas a pie de página | |
| 650 | 4 | _aRENDIMIENTO DE LA EDUCACION | |
| 650 | 4 | _aFACTORES DE RENDIMIENTO | |
| 650 | 4 | _aEVALUACION | |
| 650 | 4 | _aCALIDAD DE LA EDUCACION | |
| 650 | 4 | _aOBJETIVOS EDUCACIONALES | |
| 650 | 4 | _aAPRENDIZAJE | |
| 650 | 4 | _aDESARROLLO AFECTIVO | |
| 650 | 4 | _aDESARROLLO MOTOR | |
| 650 | 4 | _aCONTENIDO DEL PROGRAMA | |
| 650 | 4 | _aINTERDISCIPLINARIEDAD | |
| 650 | 4 | _aINTEGRACION ESCOLAR | |
| 800 | 1 |
_aGómez de Mier, Eugenio _ecoordinador |
|
| 942 | _cBK | ||
| 998 | _cSILVI | ||
| 999 |
_c7365 _d7365 |
||